000 00636nam a2200205 a 4500
001 000036550
005 20200930075808.0
008 120120s1991 sp 000 0 spa d
020 _a8420605514
040 _aDO-SdBNP
_bspa
_cBNPHU
082 _axxxx
_bxxxx
100 1 _aBrecht, Bertolt
_962805
245 1 3 _aLa novela de los tuis /
_cBertolt Brecht.
260 _aMadrid, :
_bAlianza editorial,
_c1991.
300 _a153 p. ;
_c18 cm.
490 1 _aNarrativa completa
_v4
490 1 _aNarrativa completa
_v4
504 _aIncluye referencias bibliográficas y notas al pie de las páginas
830 0 _aNarrativa completa
_n4
_962806
999 _c36041
_d36041